| 000 | 00433pab a2200157 454500 | ||
|---|---|---|---|
| 008 | 180718b1984 xxu||||| |||| 00| 0 eng d | ||
| 100 | _aPrihar, R.S. | ||
| 245 | _aImpact of mechanisation on labour employment in Punjab agriculture | ||
| 260 | _c1984 | ||
| 300 | _a379-87 | ||
| 362 | _aJan. | ||
| 650 | _aFarm Machinery - India - Punjab | ||
| 700 | _aD.S. Sidhu | ||
| 773 | _aIndian Journal of Industrial Relations | ||
| 909 | _a8085 | ||
| 999 |
_c8085 _d8085 |
||